|
|
|
|
| LEADER |
00000nab a2200000 a 4500 |
| 001 |
vtls011100257 |
| 003 |
SK-MaSNL |
| 005 |
20260303221902.0 |
| 008 |
230222|2010 xo |||||||||||||||||eng| |
| 015 |
|
|
|a SNBRB
|
| 035 |
|
|
|a (uuid)afab3272-701c-4fad-a2d1-f52a9a2aa9f4
|
| 035 |
|
|
|a (urnnbn)urn:nbn:sk:snk:ar-006wr9
|
| 035 |
|
|
|a urn:nbn:sk:snk-ab95hu
|
| 040 |
|
|
|a SNKBUCL
|b slo
|c SNKBUCL
|e AACR2
|
| 041 |
0 |
|
|a eng
|
| 044 |
|
|
|a xo
|c SK
|
| 100 |
1 |
|
|a Uhrin, Marcel,
|d 1966-
|4 aut
|9 76927
|
| 245 |
1 |
0 |
|a Bibliography on birds of prey and owls in Slovakia. Part 3. Order Falconiformes, genus Falco
|c Marcel Uhrin, Štefan Danko, Hana Latková
|
| 246 |
3 |
|
|a Bibliografia dravcov a sov Slovenska. Časť 3. Rad Falconiformes, rod Falco
|
| 700 |
1 |
|
|a Danko, Štefan
|4 aut
|9 337199
|
| 700 |
1 |
|
|a Latková, Hana
|4 aut
|9 696354
|
| 773 |
0 |
|
|t Slovak raptor journal : journal of Raptor protection of Slovakia (RPS)
|g Roč. 4, č. 1 (2010), s. 115-131
|
| 958 |
|
|
|a OND
|
| 958 |
|
|
|a EUIPO
|
| 958 |
|
|
|a article13
|
| 999 |
|
|
|c 2236765
|d 2238695
|